History of psychology (Record no. 51208)
[ view plain ]
| 000 -LEADER | |
|---|---|
| fixed length control field | 00994cam a22003138a 4500 |
| 001 - CONTROL NUMBER | |
| control field | 371261 |
| 003 - CONTROL NUMBER IDENTIFIER | |
| control field | OCoLC |
| 005 - DATE AND TIME OF LATEST TRANSACTION | |
| control field | 20250224170613.0 |
| 008 - FIXED-LENGTH DATA ELEMENTS--GENERAL INFORMATION | |
| fixed length control field | 030606s2003 nyu b 001 0 eng |
| 015 ## - NATIONAL BIBLIOGRAPHY NUMBER | |
| National bibliography number | GBA2-U5615 |
| 020 ## - INTERNATIONAL STANDARD BOOK NUMBER | |
| International Standard Book Number | 0471383201 (V.1) |
| 020 ## - INTERNATIONAL STANDARD BOOK NUMBER | |
| International Standard Book Number | 0471176699 (set) |
| 040 ## - CATALOGING SOURCE | |
| Original cataloging agency | DLC |
| Transcribing agency | DLC |
| Modifying agency | UKM |
| 049 ## - LOCAL HOLDINGS (OCLC) | |
| Holding library | PVYA[][][][00475582][V.1] |
| 245 00 - TITLE STATEMENT | |
| Title | History of psychology |
| Medium | [electronic resource] / |
| Statement of responsibility, etc | Donald K. Freedheim, volume editor ;Irving B. Weiner, editor-in-chief. |
| 260 ## - PUBLICATION, DISTRIBUTION, ETC. (IMPRINT) | |
| Place of publication, distribution, etc | New York : |
| Name of publisher, distributor, etc | Wiley, |
| Date of publication, distribution, etc | c2003. |
| 300 ## - PHYSICAL DESCRIPTION | |
| Extent | xix, 588 p. ; |
| 336 ## - CONTENT TYPE | |
| Content Type Term | text |
| 337 ## - MEDIA TYPE | |
| Media Type Term | computer |
| 338 ## - CARRIER TYPE | |
| Carrier Type Term | online resource |
| 440 #0 - SERIES STATEMENT/ADDED ENTRY--TITLE | |
| Title | Handbook of psychology; |
| Volume number/sequential designation | 1. |
| 504 ## - BIBLIOGRAPHY, ETC. NOTE | |
| Bibliography, etc | Includes bibliographical references and indexes. |
| 650 #0 - SUBJECT ADDED ENTRY--TOPICAL TERM | |
| Topical term or geographic name as entry element | Psychology. |
| 655 ## - INDEX TERM--GENRE/FORM | |
| Genre/form data or focus term | electronic books |
| 700 1# - ADDED ENTRY--PERSONAL NAME | |
| Personal name | Freedheim, Donald K. |
| 700 1# - ADDED ENTRY--PERSONAL NAME | |
| Personal name | Weiner, Irving B. |
| 856 ## - ELECTRONIC LOCATION AND ACCESS | |
| Uniform Resource Identifier | <a href="https://drive.google.com/file/d/1mJZQZCyKclm-jXnhgp15BpZGJygpU9eh/view?usp=sharing">https://drive.google.com/file/d/1mJZQZCyKclm-jXnhgp15BpZGJygpU9eh/view?usp=sharing</a> |
| 942 ## - ADDED ENTRY ELEMENTS (KOHA) | |
| Source of classification or shelving scheme | Library of Congress Classification |
| Item type | eBooks |
| Withdrawn status | Lost status | Source of classification or shelving scheme | Damaged status | Not for loan | Home library | Current library | Date acquired | Inventory number | Total Checkouts | Date last seen | Price effective from | Koha item type |
|---|---|---|---|---|---|---|---|---|---|---|---|---|
| Library of Congress Classification | BSOP Library | Digital Library | 05/08/2024 | eB-00178 | 05/08/2024 | 05/08/2024 | eBooks |
